Statistics for Planets in Star Wars

Click here to take the quiz!

General Stats

  • This quiz has been taken 3 times
  • The average score is 12 of 20

Answer Stats

HintPlanet% Correct
Planet destroyed by the Death StarAlderaan
100%
Yoda fled to this planetDagobah
100%
EwoksEndor
100%
Snow planet in E5Hoth
100%
Padme's home planetNaboo
100%
Home planet of the Skywalker'sTatooine
100%
Cloud CityBespin
67%
Han Solo's home planetCorellia
67%
Capital of the RepublicCoruscant
67%
Knock-off version of the above in Episode 7Jakku
67%
WookiesKashykk
67%
Where the rebel base was locatedYavin 4
67%
Where the Droid Factory was locatedGeonosis
33%
Where the Clone Factory was locatedKamino
33%
Home planet of Jango FettMandalore
33%
Desert planet with Twi'lekRyloth
33%
Where the Death Star plans were locatedScarif
33%
Where Maz Kanata livesTakodana
33%
Night Sister'sDathomir
0%
Where Greedo's species is fromRodia
0%

Score Distribution

Percentile by Number Answered

Percent of People with Each Score

Your Score History

You have not taken this quiz